Normal view
MARC view
Entry Meeting Name
001 - CONTROL NUMBER
- control field: 13356
003 - CONTROL NUMBER IDENTIFIER
- control field: OSt
005 - DATE AND TIME OF LATEST TRANSACTION
- control field: 20211105133648.0
008 - FIXED-LENGTH DATA ELEMENTS
- fixed length control field: 211105|| aca||aabn | a|a d
040 ## - CATALOGING SOURCE
- Original cataloging agency: OSt
- Transcribing agency: OSt
111 ## - HEADING--MEETING NAME
- Meeting name or jurisdiction name as entry element: International Astronomical Union Symposium
- Location of meeting: Germany
- Date of meeting or treaty signing: 1983 Sept. 5-8
670 ## - SOURCE DATA FOUND
- Source citation: Work cat.: (OSt): International Astronomical Union Symposium Germany 1983 Sept. 5-8, Structure and evolution of the magellanic clouds, 1984